000 00402nam a22000977a 4500
008 160328b xxu||||| |||| 00| 0 eng d
100 _aHeinz, Alfred
245 _aThe postmaster provisionals of Freudenstadt
260 _aValparaiso, Indiana
_bGermany Philatelic Society, Inc
_c1966
650 _aGermany -- Freudenstadt | Provisionals and Forerunners 1945 | Postal Markings | Postal History | Allied Occupation
999 _c1879
_d1879